000
00371nam a22001577a 4500
003
MPLRDC
005
20220104125217.0
008
210129b ||||| |||| 00| 0 eng d
082
_a
857.9 QH-13 v.1
100
_a
秦红
245
_a
七十二恶人. 上
_c
260
_a
_b
四维出版社
_c
300
_b
平
650
_a
武侠小说
942
_c
BK
_o
857.9 QH-13 v.1
999
_c
25546
_d
25536